The Classical Quarterly (Record no. 5217)
[ view plain ]
| 000 -LEADER | |
|---|---|
| fixed length control field | 00914cas a2200157 4500 |
| 008 - FIXED-LENGTH DATA ELEMENTS--GENERAL INFORMATION | |
| fixed length control field | 161121n eng u |
| 022 ## - INTERNATIONAL STANDARD SERIAL NUMBER | |
| International Standard Serial Number | 14716844 |
| 035 ## - SYSTEM CONTROL NUMBER | |
| System control number | (Sirsi) a198627 |
| 050 ## - LIBRARY OF CONGRESS CALL NUMBER | |
| Classification number | https://www.cambridge.org/core/journals/classical-quarterly |
| 245 ## - TITLE STATEMENT | |
| Title | The Classical Quarterly |
| 260 ## - PUBLICATION, DISTRIBUTION, ETC. | |
| Place of publication, distribution, etc. | Cambridge |
| 310 ## - CURRENT PUBLICATION FREQUENCY | |
| Current publication frequency | Regular |
| 362 ## - DATES OF PUBLICATION AND/OR SEQUENTIAL DESIGNATION | |
| Dates of publication and/or sequential designation | Vol.1, No.1, 1907-Vol.66, No.1, 2016 |
| 520 ## - SUMMARY, ETC. | |
| Summary, etc. | The Classical Quarterly has a reputation for publishing the highest quality classical scholarship for nearly 100 years. It publishes research papers and short notes in the fields of language, literature, history and philosophy. Two substantial issues (around 300 pages each) of The Classical Quarterly appear each year, in May and December. Given the quality and depth of the articles published in The Classical Quarterly, any serious classical library needs to have a copy on its shelves. |
| 650 ## - SUBJECT ADDED ENTRY--TOPICAL TERM | |
| Topical term or geographic name entry element | Classical |
| Withdrawn status | Lost status | Source of classification or shelving scheme | Damaged status | Not for loan | Home library | Current library | Shelving location | Total Checkouts | Full call number | Barcode | Date last seen | Copy number | Uniform Resource Identifier | Price effective from | Koha item type |
|---|---|---|---|---|---|---|---|---|---|---|---|---|---|---|---|
| Main Library | Main Library | Serials | HTTPS://WWW.CAMBRIDGE.ORG | 6844111907 | 08/12/2019 | 1 | https://www.cambridge.org/core/journals/classical-quarterly | 08/12/2019 | Electronic Resource | ||||||
| Main Library | Main Library | Serials | HTTPS://WWW.CAMBRIDGE.ORG | 68446612016 | 08/12/2019 | 2 | 08/12/2019 | Electronic Resource |